000 00276nam a2200109Ia 4500
008 200302s9999 xx 000 0 und d
100 _aColin Davies
245 _aA New history of modern architecture
260 _bLaurence King Publishing Ltd.,
260 _c2017
300 _a500
999 _c6235
_d6235